مقا لا ت محمو د :حصہ ا و ل و د و م (Record no. 95357)

MARC details
000 -LEADER
fixed length control field 00837nam a22002297a 4500
005 - DATE AND TIME OF LATEST TRANSACTION
control field 20150730124123.0
008 - FIXED-LENGTH DATA ELEMENTS--GENERAL INFORMATION
fixed length control field 140714b xxu||||| |||| 00| 0 Urdu d
010 ## - LCCN (DPL NO)
LC control number UR-9263-64
020 q# - INTERNATIONAL STANDARD BOOK NUMBER
Terms of availability 200.00(Set Price)
035 ## - SYSTEM CONTROL NUMBER
System control number U-7818-19
037 ## - SOURCE OF ACQUISITION
Source of stock number/acquisition DBAD/Pub.
040 ## - CATALOGING SOURCE
Original cataloging agency DPL
Language of cataloging Urdu
082 ## - DEWEY DECIMAL CLASSIFICATION NUMBER
Classification number 840.08
100 ## - MAIN ENTRY--PERSONAL NAME
Personal name محمو د حسن الہ آ با د ی
245 ## - TITLE STATEMENT
Title مقا لا ت محمو د :حصہ ا و ل و د و م
Statement of responsibility, etc محمو د حسن الہ آ با د ی
246 ## - VARYING FORM OF TITLE
Title proper/short title Maqalaat-e-Mehmood(Vol.1 and 2)
Remainder of title ByDr.Mehmood Hasan Alahabadi
260 ## - PUBLICATION, DISTRIBUTION, ETC. (IMPRINT)
Place of publication, distribution, etc Thana
Date of publication, distribution, etc 2013
Name of publisher, distributor, etc Dr.Mehmood Hasan Alahabadi
270 ## - ADDRESS
Address B-104,Patel Nagar,Wanjar Patti Naka, Bhiwandi,
City Ditt.Thana
Postal code 421302
Telephone number 09767366183
300 ## - PHYSICAL DESCRIPTION
Extent 276(V.1)234(V.2)ص
Dimensions 22Cm (Hb)
490 ## - SERIES STATEMENT
Volume number/sequential designation Vol.2
942 ## - ADDED ENTRY ELEMENTS (KOHA)
Source of classification or shelving scheme Dewey Decimal Classification
Item type Urdu Bks
Edition
Classification part 840.08
Call number suffix م ح م
Holdings
Withdrawn status Lost status Source of classification or shelving scheme Materials specified (bound volume or other part) Damaged status Not for loan Collection code Home library Current library Date acquired Source of acquisition Cost, normal purchase price Total Checkouts Full call number Barcode Date last seen Copy number Cost, replacement price Koha item type
    Dewey Decimal Classification v.1   Not For Loan Non-fiction D.B.Act.Division D.B.Act.Division 30/07/2015 DBAD/Pub. 200.00   840.08 م ح م U-7818 30/07/2015 1 200.00 Urdu Bks
    Dewey Decimal Classification v.2   Not For Loan Non-fiction D.B.Act.Division D.B.Act.Division 30/07/2015 DBAD/Pub. 200.00   840.08 م ح م U-7819 30/07/2015 1 200.00 Urdu Bks

© Delhi Public Library
Hit Counter
free hit counter